| 000 | 00661nam a22002177a 4500 | ||
|---|---|---|---|
| 003 | 0 | ||
| 005 | 20160609165259.0 | ||
| 008 | 100113t xxu||||| |||| 00| 0 eng d | ||
| 037 |
_aM15461 _bBIBLIO |
||
| 040 |
_aBUAC _bF _cBEPAC |
||
| 082 | _a27.ABM/AGB | ||
| 100 |
_aAgbokou, Diane _cEunice E. DEGBEY _92829 |
||
| 245 | _aBactéries et leucorrhées pathologiques chez la femme enceinte | ||
| 260 |
_aAbomey-Uac _bEPAC-UAC _c2008 |
||
| 300 |
_aI-93p _c29cm |
||
| 500 | _aMEM ECOLE POLYTECHNIQUE D'ABOMEY CALAVI (UAC) 2007-2008 | ||
| 650 |
_aGROSSESSE BACTERIE _92830 |
||
| 650 |
_aLEUCORRHEE _92830 |
||
| 700 |
_aHoungbeme, Carole Y. _92831 |
||
| 942 | _cTHE | ||
| 999 |
_c46728 _d46728 |
||